000 00957nam a22002297a 4500
005 20210325175820.0
008 s2541 th tha d
020 _a9745716537
041 _atha
050 _aHD58.7 ส345พ 2541
100 0 _aสร้อยตระกูล (ติวยานนท์) อรรถมานะ
245 1 0 _aพฤติกรรมองค์การ : ทฤษฎีและการประยุกต์
260 3 _aกรุงเทพฯ :
_bสำนักพิมพ์มหาวิทยาลัยธรรมศาสตร์,
_c2541
300 _a467 หน้า :
_b ตาราง ;
_c 26 ซม.
650 0 4 _aการพัฒนาองค์การ
650 0 4 _aพฤติกรรมมนุษย์
650 0 4 _aพฤติกรรมองค์การ
850 _aNALT
942 _cGB
_04
997 _c000000000007761
998 _aBENJALUCK
999 _c7761
_d7761